000 00702nam a2200229 i 4500
003 DO-SdBNP
005 20240418085517.0
007 ta
008 240418b19? dr ||||| |||| 00| 0 spa d
040 _aDO-SdBNP
_bspa
_cBNPHU
_erda
082 4 _222
_bM386f
100 _aMartir Angleria, Pedro
_eautor
_949368
245 1 0 _aFuentes históricas sobre Colón y América /
_cPedro Martir Angleria
264 _aciudad desconocida :
_bEditora desconocida,
_cfecha desconocida
300 _a302 páginas ;
_c23 cm.
336 _2rdacontent
_atexto
_btxt
337 _2rdamedia
_asin mediación
_bn
338 _2rdacarrier
_avolumen
_bnc
590 _aInventariado, 2024/DG
910 _aDG
942 _2ddc
_cLBS1
999 _c56443
_d56443